Loading...
| Fine Arts - Other | 0 | 4 | 0 | 2 | 40 | 92 | 106.50 | 0 | 0 | 0.00 | 0.00 |
| History - Other | 0 | 3 | 0 | 0 | 30 | 83 | 91.67 | 0 | 1 | 0.00 | 0.00 |
| History - World | 0 | 2 | 0 | 2 | 20 | 103 | 105.00 | 0 | 0 | 0.00 | 0.00 |
| History - American | 0 | 2 | 0 | 0 | 20 | 55 | 61.50 | 0 | 0 | 0.00 | 0.00 |
| Fine Arts - Classical Music | 0 | 2 | 1 | 0 | 15 | 92 | 92.50 | 0 | 0 | 0.00 | 0.00 |
| Science - Biology | 0 | 2 | 1 | 1 | 15 | 62 | 79.50 | 0 | 0 | 0.00 | 0.00 |
| History - European | 0 | 2 | 1 | 1 | 15 | 104 | 110.00 | 0 | 0 | 0.00 | 0.00 |
| Literature - British | 0 | 2 | 1 | 0 | 15 | 85 | 99.50 | 0 | 0 | 0.00 | 0.00 |
| Pop Culture | 0 | 1 | 0 | 0 | 10 | 32 | 32.00 | 0 | 1 | 0.00 | 0.00 |
| Science - Physics | 0 | 1 | 0 | 1 | 10 | 111 | 111.00 | 0 | 0 | 0.00 | 0.00 |
| Geography | 0 | 1 | 0 | 0 | 10 | 63 | 63.00 | 0 | 1 | 0.00 | 0.00 |
| Mythology | 0 | 1 | 0 | 1 | 10 | 112 | 112.00 | 0 | 0 | 0.00 | 0.00 |
| Painting/Sculpture | 0 | 1 | 0 | 1 | 10 | 111 | 111.00 | 0 | 0 | 0.00 | 0.00 |
| Philosophy | 0 | 1 | 0 | 0 | 10 | 109 | 109.00 | 0 | 0 | 0.00 | 0.00 |
| Religion | 0 | 1 | 0 | 0 | 10 | 104 | 104.00 | 0 | 1 | 0.00 | 0.00 |
| Social Science | 0 | 1 | 2 | 0 | 0 | 82 | 82.00 | 0 | 1 | 0.00 | 0.00 |
| Literature - European | 0 | 0 | 0 | 0 | 0 | 0.00 | 0 | 0 | 0.00 | 0.00 | |
| Literature - World | 0 | 0 | 0 | 0 | 0 | 0.00 | 0 | 0 | 0.00 | 0.00 | |
| Science - Other | 0 | 0 | 1 | 0 | -5 | 0.00 | 0 | 0 | 0.00 | 0.00 | |
| Literature - American | 0 | 0 | 1 | 0 | -5 | 0.00 | 0 | 0 | 0.00 | 0.00 |